000 00877nam a22002055i 4500
001 158162
003 ES-MaACL
005 20250721062638.0
008 940202s1835 sp |||| | spa d
040 _aCAM
_bspa
100 1 _aLowry.
_9129103
245 1 0 _aConversaciones sobre la economia política en las cuales se esplican [sic] de un modo simple y familiar los elementos de esta ciencia /
_cobra escrita en inglés por la Sra. Lowry ; y traducida de dicho idioma al castellano por D. Gerónimo de la Escosura.
260 _aMadrid :
_b[s.n.],
_c1835 (
_fImprenta de Repullés)
300 _a2 v.(XIV, [1], 376; [5], 325, [2] p.) ;
_c16 cm.
650 7 _aEconomía
_2embne
_912006
700 1 1 _aEscosura, Geronimo de la,
_etrad.
_9126954
700 1 1 _aRepullés,
_eImp.
_9131719
852 _aES-MaACL
_jD-3331-3332
_z-- Enc. pasta española
999 _c158162
_d158162